| 000 | 01005pam a2200313 a 4500 | ||
|---|---|---|---|
| 001 | 014607574 | ||
| 003 | OSt | ||
| 005 | 20131208155509.0 | ||
| 008 | 090313t2009 at a grd 001 0 eng | ||
| 010 | _a 2009285958 | ||
| 020 | _a9781423902577 (pbk.) | ||
| 020 | _a1423902572 (pbk.) | ||
| 040 |
_aStDuBDS _beng _cStDuBDS _dUk |
||
| 050 | 0 | 0 |
_aQA76.64 _b.F37 2009 |
| 082 | 0 | 4 |
_a005.133 _222 _bFAR |
| 100 | 1 |
_aFarrell, Joyce. _93911 |
|
| 245 | 1 | 0 |
_aObject-oriented programming using C++ / _cJoyce Farrell. |
| 250 |
_a4th ed., _bInternational edition. |
||
| 260 |
_a[Canberra] : _bCourse Technology / Cengage Learning, _cc.2009 _e(Ottawa) |
||
| 300 |
_axxii, 794 p. : _bill. ; _c24 cm. |
||
| 500 | _aIncludes index. | ||
| 500 | _aIncludes appendix. | ||
| 500 | _aIncludes glossary. | ||
| 650 | 0 |
_aObject-oriented programming (Computer science) _934557 |
|
| 650 | 0 |
_aC (Computer program language) _934558 |
|
| 653 |
_bCS _cDecember2013 |
||
| 655 |
_vreading book _934232 |
||
| 942 |
_2ddc _cBB _k005.133 FAR |
||
| 999 |
_c17795 _d17767 |
||